Ideálny učiteľ z hľadiska stredoškolákov a vysokoškolákov : Záverečná práca

Uložené v:
Podrobná bibliografia
Hlavný autor: Košíková, Mária (Autor)
Ďalší autori: Bustinová, Ľudmila, 1946- (xxx)
Médium: Rukopis Kniha
Jazyk:Slovak
Vydavateľské údaje: Trnava : STU v Bratislave MtF KIPP, 2002
Predmet:
Tagy: Pridať tag
Žiadne tagy, Buďte prvý, kto otaguje tento záznam!

MARC

LEADER 00000ntm a22000003a 4500
001 stu79215
005 20160719155015.1
008 030224s2002----xo------------------slo-d
040 |a STU  |b slo 
041 0 |a slo 
044 |a xo 
100 1 |a Košíková, Mária  |4 aut 
245 1 |a Ideálny učiteľ z hľadiska stredoškolákov a vysokoškolákov :  |b Záverečná práca 
260 |a Trnava :  |b STU v Bratislave MtF KIPP,  |c 2002 
300 |a 32 s 
650 7 |a vlastnosti učiteľov  |2 stusub 
650 7 |a stredné školy  |2 stusub 
650 7 |a vysoké školy  |2 stusub 
650 7 |a inžinierska pedagogika  |2 stusub 
700 1 |a Bustinová, Ľudmila,  |d 1946-  |4 xxx  |u M220  |U MTF Ústav inžinierskej pedagogiky a humatitných vied  |T MTF Katedra inžinierskej pedagogiky a psychológie  |X 283  |U M220  |Y M220  |7 A000000283 
996 |b 284M061150  |c M*ZP-50  |l MMSKP  |s P  |a 0  |w stu79215_0001